Southville International School and Colleges
Your cart is empty.
  • Cart
  • Lists
    Public lists Eva Luna New books Lux_list list_1
    Your lists Log in to create your own lists
  • Log in to your account
  • Your cookies
  • Search history
Southville International School and Colleges
  • Advanced search
  • Recent comments
  • Most popular
  • Libraries

Log in to your account

Log in with GOOGLE


If you do not have an external account, but do have a local account, you can still log in:

  1. Home
  2. MARC view: ICT and society :
Normal view MARC view ISBD view

ICT and society : (Record no. 23983)

[ view plain ]
MARC details
000 -LEADER
fixed length control field 00640nam a2200205 a 4500
005 - DATE AND TIME OF LATEST TRANSACTION
control field 20140310183503.0
008 - FIXED-LENGTH DATA ELEMENTS--GENERAL INFORMATION
fixed length control field 100930s19uu xx 00 eng d
050 ## - LIBRARY OF CONGRESS CALL NUMBER
Classification number LB 1028.5
Item number .T255 2008
100 ## - MAIN ENTRY--PERSONAL NAME
Personal name Tocson, Errol Jan
245 ## - TITLE STATEMENT
Title ICT and society :
Remainder of title lecture lesson plans /
Statement of responsibility, etc Errol Jan Tocson.
260 ## - PUBLICATION, DISTRIBUTION, ETC. (IMPRINT)
Place of publication, distribution, etc Philippines :
Name of publisher, distributor, etc TechFactors,
Date of publication, distribution, etc 2008.
300 ## - PHYSICAL DESCRIPTION
Extent 25 p. :
Other physical details ill. ;
Dimensions 27 cm.
521 ## - TARGET AUDIENCE NOTE
Target audience note
650 ## - SUBJECT ADDED ENTRY--TOPICAL TERM
Topical term or geographic name as entry element Information and Communication Technology (ICT).
650 ## - SUBJECT ADDED ENTRY--TOPICAL TERM
Topical term or geographic name as entry element ICT
General subdivision lesson plans
-- teacher's guide.
700 ## - ADDED ENTRY--PERSONAL NAME
Personal name Roxas, Juno Thryza
700 ## - ADDED ENTRY--PERSONAL NAME
Personal name Ortiz, Florida Valencia
942 ## - ADDED ENTRY ELEMENTS (KOHA)
Koha item type Books
Source of classification or shelving scheme Library of Congress Classification
Call number prefix Local
Holdings
Withdrawn status Lost status Source of classification or shelving scheme Damaged status Home library Current library Shelving location Date acquired Source of acquisition Total Checkouts Full call number Barcode Date last seen Copy number Price effective from Koha item type
    Library of Congress Classification   College Library College Library Filipiniana Section 09/30/2010 Donation   LB 1028.5 .T255 2008 C11311 05/08/2018 1 10/18/2013 Books
    Library of Congress Classification   Luxembourg Library Luxembourg Library Teachers Reference Section 10/09/2018 Library Fund   HS 005.74 .T56 2008 16384 10/09/2018   10/09/2018 Books

ICT and society :

APA

Tocson E. J., Roxas J. T. & Ortiz F. V. (2008). ICT and society. Philippines: TechFactors.

Chicago

Tocson Errol Jan, Roxas Juno Thryza and Ortiz Florida Valencia. 2008. ICT and society. Philippines: TechFactors.

Harvard

Tocson E. J., Roxas J. T. and Ortiz F. V. (2008). ICT and society. Philippines: TechFactors.

MLA

Tocson Errol Jan, Roxas Juno Thryza and Ortiz Florida Valencia. ICT and society. Philippines: TechFactors. 2008.

  • Place hold
  • Print
  • Cite
  • Add to your cart (remove)
  • Save record
    BIBTEX Dublin Core MARCXML MARC (non-Unicode/MARC-8) MARC (Unicode/UTF-8) MARC (Unicode/UTF-8, Standard) MODS (XML) RIS
  • More searches
    Search for this title in:
    Other Libraries (WorldCat) Other Databases (Google Scholar) Online Stores (Bookfinder.com) Open Library (openlibrary.org)

Exporting to Dublin Core...

SOUTHVILLE LIBRARY

Southville International School and Colleges Library

1281 Tropical Ave. Cor. Luxembourg St., BF Homes International, Las Pinas City

Tel. No. 8256374 / 252358 Loc. 117/146

Powered by Koha